000 00453nam a22001937a 4500
003 koha_MIRAKIL
005 20231213100309.0
008 231213b |||||||| |||| 00| 0 ||| d
020 _b978-1-40625800-4
040 _aTR-IsEVY
_btur
_cTR-IsEVY
082 _a420 BLA/B
100 _aBlacker, Sharnika.
245 0 _aBig cats
260 _bRaintree,
_c2013
300 _a16 s.
650 _aAnimals.
650 _aEnvironment.
942 _2ddc
_cBK
999 _c17704
_d17704